|
|
|
|
| LEADER |
00000nam a22000007a 4500 |
| 003 |
Ucuenca |
| 005 |
20230308225521.0 |
| 008 |
171120b1991 sa ||||| |||| 00| 0 spa d |
| 999 |
|
|
|c 152938
|d 152938
|
| 020 |
|
|
|a 0620059052
|
| 040 |
|
|
|b spa
|a UCuenca-cdrjbv
|c UCuenca
|e rda
|
| 041 |
0 |
|
|a spa
|
| 082 |
0 |
|
|a 634.92
|
| 245 |
|
|
|a Proceedings of the tenth world orchid conference
|c Joyce Stewart and C.N. Klasie van der Merwe
|
| 264 |
|
|
|a South African Ochid Council
|b Johannesburg
|c 1981
|
| 300 |
|
|
|a 323 páginas:
|b ilu
|c 28 cm
|
| 336 |
|
|
|2 rdacontent
|a texto
|b txt
|
| 337 |
|
|
|2 rdamedia
|a no mediado
|b n
|
| 338 |
|
|
|2 rdacarrier
|a volumen
|b nc
|
| 505 |
0 |
|
|a Repot of the internacional orchid commission.--10th world orchid show results
|
| 650 |
|
|
|9 119868
|a Orchids
|
| 650 |
|
|
|a Orquideas
|9 234527
|
| 700 |
1 |
|
|a Steward, Joyce
|9 214589
|e editor
|
| 700 |
1 |
|
|a Van der Merwe, C.N. Klesie
|9 214590
|e editor
|
| 942 |
|
|
|c BK
|2 ddc
|